Asymptotic behavior of solutions of forced fractional differential equations

Elmentve itt :
Bibliográfiai részletek
Szerzők: Grace Said R.
Graef John R.
Tunç Ercan
Dokumentumtípus: Folyóirat
Megjelent: 2016
Sorozat:Electronic journal of qualitative theory of differential equations : special edition 2 No. 71
Kulcsszavak:Differenciálegyenlet
doi:10.14232/ejqtde.2016.1.71

Online Access:http://acta.bibl.u-szeged.hu/73738
LEADER 00813nas a2200217 i 4500
001 acta73738
005 20211112094206.0
008 211111s2016 hu o 0|| eng d
022 |a 1417-3875 
024 7 |a 10.14232/ejqtde.2016.1.71  |2 doi 
040 |a SZTE Egyetemi Kiadványok Repozitórium  |b hun 
041 |a eng 
100 1 |a Grace Said R. 
245 1 0 |a Asymptotic behavior of solutions of forced fractional differential equations  |h [elektronikus dokumentum] /  |c  Grace Said R. 
260 |c 2016 
300 |a 10 
490 0 |a Electronic journal of qualitative theory of differential equations : special edition  |v 2 No. 71 
695 |a Differenciálegyenlet 
700 0 1 |a Graef John R.  |e aut 
700 0 1 |a Tunç Ercan  |e aut 
856 4 0 |u http://acta.bibl.u-szeged.hu/73738/1/ejqtde_spec_002_2016_071.pdf  |z Dokumentum-elérés